000
00337nam a22001457a 4500
008
230912b ||||| |||| 00| 0 eng d
020
_a
9780442263645
041
_a
eng
080
_a
521
082
_a
521MAR
100
_a
19
101
_a
ASTRO
245
_a
THE ASTRONOMY AND ASTROPHYSICS ENCYCLOPEDIA
_c
MARAN.P.S
942
_2
udc
_c
BK
999
_c
60341
_d
60341